[Event "GRE-chT 43rd"]
[Site "Porto Rio"]
[Date "2015.10.12"]
[Round "7.4"]
[White "Serpetsidaki, Eva"]
[Black "Papathanasiou, Aggeliki"]
[Result "0-1"]
[WhiteElo "1756"]
[BlackElo "1775"]
[PlyCount "44"]
[EventDate "2015.10.08"]
[EventType "team-swiss"]
[EventRounds "7"]
[EventCountry "GRE"]
[SourceTitle "CBM 168 Extra"]
[Source "ChessBase"]
[SourceDate "2015.10.29"]
[SourceVersion "1"]
[SourceVersionDate "2015.10.29"]
[SourceQuality "1"]
[WhiteTeam "OFI"]
[BlackTeam "Thessaloniki"]
[WhiteTeamCountry "GRE"]
[BlackTeamCountry "GRE"]

1. e4 c5 2. Nf3 b6 3. d4 cxd4 4. Nxd4 Bb7 5. Nc3 a6 6. Be3 Qc7 7. Nd5 Bxd5 8. exd5 Nf6 9. Qf3 d6 10. Bd3 g6 11. 0-0 Bg7 12. Rfe1 0-0 13. Rad1 Re8 14. Bg5 Nbd7 15. Nc6 e6 16. Ne7+ Rxe7 17. dxe6 Rae8 18. Bxa6 Rxe6 19. Rxe6 Rxe6 20. c3 Ne5 21. Qf4 Qc6 22. h3 b5 0-1

[Event "GRE-chT 41st"]
[Site "Achaia"]
[Date "2013.07.05"]
[Round "5.6"]
[White "Papathanasiou, Aggeliki"]
[Black "Sfetsou, Christina"]
[Result "1-0"]
[WhiteElo "1778"]
[BlackElo "1243"]
[PlyCount "43"]
[EventDate "2013.07.02"]
[EventType "team-swiss"]
[EventRounds "7"]
[EventCountry "GRE"]
[SourceTitle "CBM 155 Extra"]
[Source "ChessBase"]
[SourceDate "2013.08.26"]
[SourceVersion "1"]
[SourceVersionDate "2013.08.26"]
[SourceQuality "1"]
[WhiteTeam "Thessaloniki HS"]
[BlackTeam "Patron CN"]
[WhiteTeamCountry "GRE"]
[BlackTeamCountry "GRE"]

1. d4 d5 2. Nf3 Bf5 3. e3 e6 4. c4 c6 5. Nc3 Nf6 6. Be2 Bd6 7. 0-0 0-0 8. Nh4 Bg6 9. Nxg6 fxg6 10. Qb3 b6 11. cxd5 Nxd5 12. e4 Nc7 13. Bg4 Qe7 14. e5 Bb4 15. Ne4 h6 16. a3 Ba5 17. Qd3 b5 18. Nd6 g5 19. Qg6 Nd7 20. Bd1 Ne8 21. Bc2 Nxd6 22. Qh7+ 1-0

[Event "GRE-chT 41st"]
[Site "Achaia"]
[Date "2013.07.03"]
[Round "3.6"]
[White "Kafetzi, Angeliki"]
[Black "Papathanasiou, Aggeliki"]
[Result "1-0"]
[WhiteElo "1714"]
[BlackElo "1778"]
[PlyCount "67"]
[EventDate "2013.07.02"]
[EventType "team-swiss"]
[EventRounds "7"]
[EventCountry "GRE"]
[SourceTitle "CBM 155 Extra"]
[Source "ChessBase"]
[SourceDate "2013.08.26"]
[SourceVersion "1"]
[SourceVersionDate "2013.08.26"]
[SourceQuality "1"]
[WhiteTeam "Kavalas OFS"]
[BlackTeam "Thessaloniki HS"]
[WhiteTeamCountry "GRE"]
[BlackTeamCountry "GRE"]

1. e4 c5 2. Nf3 g6 3. d4 cxd4 4. Qxd4 Nf6 5. e5 Nc6 6. Qa4 Nd5 7. Qe4 Ndb4 8. Bb5 Bg7 9. Bf4 0-0 10. a3 Na6 11. Nc3 Nc7 12. Bxc6 bxc6 13. 0-0 Ne6 14. Be3 Bb7 15. Rad1 Qc7 16. Qh4 f6 17. Ne4 c5 18. exf6 exf6 19. Ned2 d5 20. c3 Rad8 21. Rfe1 Rfe8 22. Nb3 Re7 23. Qa4 d4 24. cxd4 Bxf3 25. gxf3 Rd5 26. dxc5 Rh5 27. Bf4 Nxf4 28. Rxe7 Nh3+ 29. Kf1 Qxe7 30. f4 Nxf2 31. Re1 Qb7 32. c6 Qb6 33. Qc4+ Kf8 34. c7 1-0

[Event "GRE-chT 40th"]
[Site "Achaia"]
[Date "2012.07.01"]
[Round "2.5"]
[White "Papathanasiou, Aggeliki"]
[Black "Vafiadou, Asimenia"]
[Result "1/2-1/2"]
[WhiteElo "1777"]
[BlackElo "1665"]
[PlyCount "77"]
[EventDate "2012.06.30"]
[EventType "team-swiss"]
[EventRounds "7"]
[EventCountry "GRE"]
[SourceTitle "CBM 149 Extra"]
[Source "ChessBase"]
[SourceDate "2012.08.24"]
[SourceVersion "1"]
[SourceVersionDate "2012.08.24"]
[SourceQuality "1"]
[WhiteTeam "Thessaloniki"]
[BlackTeam "Triandrias"]
[WhiteTeamCountry "GRE"]
[BlackTeamCountry "GRE"]

1. d4 Nf6 2. Nf3 d5 3. Bf4 Bg4 4. Nbd2 e6 5. c3 c5 6. e3 Nc6 7. Be2 Bd6 8. Bg3 Bxg3 9. hxg3 Qd6 10. Bd3 e5 11. dxe5 Nxe5 12. Be2 Nc6 13. Qb3 Qc7 14. Kf1 Rd8 15. Re1 0-0 16. Qc2 Ne7 17. Bd3 g6 18. Ng5 Bf5 19. Bxf5 Nxf5 20. Rh3 Kg7 21. e4 dxe4 22. Ndxe4 h5 23. Nxf6 Kxf6 24. Nh7+ Kg7 25. Nxf8 Rxf8 26. Qe4 Qb6 27. Qe5+ f6 28. Qe2 Nh6 29. Rh4 Ng4 30. f3 Ne5 31. Re4 c4 32. Rd4 Nd3 33. Rxd3 cxd3 34. Qxd3 Qxb2 35. Re7+ Rf7 36. Rxf7+ Kxf7 37. Qd7+ Kf8 38. Qd8+ Kf7 39. Qd7+ 1/2-1/2

[Event "GRE-chT 39th"]
[Site "Eretria"]
[Date "2011.07.08"]
[Round "7.4"]
[White "Peskelidou, Emanouela"]
[Black "Papathanasiou, Aggeliki"]
[Result "0-1"]
[WhiteElo "1634"]
[BlackElo "1817"]
[PlyCount "66"]
[EventDate "2011.07.03"]
[EventType "team-swiss"]
[EventRounds "7"]
[EventCountry "GRE"]
[SourceTitle "CBM 143 Extra"]
[Source "ChessBase"]
[SourceDate "2011.08.29"]
[SourceVersion "1"]
[SourceVersionDate "2011.08.29"]
[SourceQuality "1"]
[WhiteTeam "Florinas"]
[BlackTeam "Thessaloniki ES"]
[WhiteTeamCountry "GRE"]
[BlackTeamCountry "GRE"]

1. e4 c5 2. Nc3 Nc6 3. g3 g6 4. Bg2 Bg7 5. d3 Rb8 6. Be3 d6 7. Qd2 b5 8. Nge2 b4 9. Nd1 Nd4 10. Nc1 Nf6 11. c3 bxc3 12. bxc3 Nc6 13. Bh6 0-0 14. h4 Re8 15. h5 Bh8 16. hxg6 fxg6 17. Bg5 Qc7 18. Ne3 Ne5 19. Bxf6 exf6 20. Nd5 Qf7 21. Ne2 f5 22. 0-0 fxe4 23. Bxe4 Nf3+ 24. Bxf3 Qxf3 25. Nef4 g5 26. Rfe1 Bd7 27. Re3 Rxe3 28. Qxe3 Qxe3 29. fxe3 gxf4 30. exf4 Kf7 31. Rc1 Be6 32. Ne3 Rb2 33. Re1 Bxc3 0-1

[Event "GRE-chT 39th"]
[Site "Eretria"]
[Date "2011.07.05"]
[Round "4.1"]
[White "Papathanasiou, Aggeliki"]
[Black "Kokossis, Danae"]
[Result "0-1"]
[WhiteElo "1817"]
[BlackElo "1768"]
[PlyCount "56"]
[EventDate "2011.07.03"]
[EventType "team-swiss"]
[EventRounds "7"]
[EventCountry "GRE"]
[SourceTitle "CBM 143 Extra"]
[Source "ChessBase"]
[SourceDate "2011.08.29"]
[SourceVersion "1"]
[SourceVersionDate "2011.08.29"]
[SourceQuality "1"]
[WhiteTeam "Thessaloniki ES"]
[BlackTeam "Peristeriou"]
[WhiteTeamCountry "GRE"]
[BlackTeamCountry "GRE"]

1. e4 e5 2. Nf3 Nc6 3. d4 exd4 4. Bc4 Bc5 5. c3 Nf6 6. cxd4 Bb4+ 7. Bd2 Bxd2+ 8. Nbxd2 d5 9. exd5 Nxd5 10. 0-0 0-0 11. Ne4 Bg4 12. Qd3 Ndb4 13. Qb3 Bxf3 14. Qxf3 Qxd4 15. Bb3 Qd8 16. Bc4 Qd4 17. Bb3 h6 18. Rad1 Qb6 19. Qh5 Nd4 20. Bc4 Rad8 21. a3 Nbc2 22. Rd3 Qc6 23. Nc5 b6 24. Rg3 Qxc5 25. Qg4 Qe5 26. Rd1 Rfe8 27. Qg6 Qe1+ 28. Rxe1 Rxe1+ 0-1

[Event "GRE-chT 39th"]
[Site "Eretria"]
[Date "2011.07.04"]
[Round "2.1"]
[White "Papathanasiou, Aggeliki"]
[Black "Vafiadou, Asimenia"]
[Result "1-0"]
[WhiteElo "1817"]
[BlackElo "1641"]
[PlyCount "47"]
[EventDate "2011.07.03"]
[EventType "team-swiss"]
[EventRounds "7"]
[EventCountry "GRE"]
[SourceTitle "CBM 143 Extra"]
[Source "ChessBase"]
[SourceDate "2011.08.29"]
[SourceVersion "1"]
[SourceVersionDate "2011.08.29"]
[SourceQuality "1"]
[WhiteTeam "Thessaloniki ES"]
[BlackTeam "Triandrias"]
[WhiteTeamCountry "GRE"]
[BlackTeamCountry "GRE"]

1. e4 Nf6 2. e5 Nd5 3. c4 Nb6 4. c5 Nd5 5. Nc3 Nxc3 6. dxc3 d6 7. cxd6 exd6 8. Bc4 Nc6 9. Nf3 Be7 10. exd6 Qxd6 11. 0-0 0-0 12. Qc2 Qc5 13. Bd3 h6 14. Be3 Qh5 15. Bf4 Bd8 16. Rfe1 Be6 17. Ne5 Nxe5 18. Rxe5 Qh4 19. Bg3 Qf6 20. Rae1 c6 21. R5e3 Bb6 22. Be5 Qd8 23. Rg3 g5 24. Bh7# 1-0

[Event "GRE-chT 39th"]
[Site "Eretria"]
[Date "2011.07.04"]
[Round "3.1"]
[White "Tsarouha, Marianthi"]
[Black "Papathanasiou, Aggeliki"]
[Result "0-1"]
[WhiteElo "1799"]
[BlackElo "1817"]
[PlyCount "62"]
[EventDate "2011.07.03"]
[EventType "team-swiss"]
[EventRounds "7"]
[EventCountry "GRE"]
[SourceTitle "CBM 143 Extra"]
[Source "ChessBase"]
[SourceDate "2011.08.29"]
[SourceVersion "1"]
[SourceVersionDate "2011.08.29"]
[SourceQuality "1"]
[WhiteTeam "Chania Chess Academy"]
[BlackTeam "Thessaloniki ES"]
[WhiteTeamCountry "GRE"]
[BlackTeamCountry "GRE"]

1. d4 Nf6 2. c4 e6 3. g3 Bb4+ 4. Nc3 0-0 5. Bg2 d5 6. Nf3 c6 7. 0-0 Nbd7 8. cxd5 exd5 9. a3 Be7 10. Re1 Re8 11. b4 a5 12. b5 c5 13. e3 Nb6 14. Ne5 Bd6 15. f4 Be6 16. Na4 Nxa4 17. Qxa4 Nd7 18. Nxd7 Qxd7 19. Bb2 c4 20. Bc3 Bf5 21. Bxd5 Bxf4 22. Bxf7+ Qxf7 23. exf4 Qd5 24. b6 Bd7 25. Qc2 Bc6 26. Re2 Qh1+ 27. Kf2 Qxh2+ 28. Kf1 Qh1+ 29. Kf2 Qg2+ 30. Ke1 Rxe2+ 31. Qxe2 Re8 0-1

[Event "GRE-chT 39th"]
[Site "Eretria"]
[Date "2011.07.03"]
[Round "1.6"]
[White "Papathanasiou, Aggeliki"]
[Black "Avramidou, Anastasia"]
[Result "1-0"]
[WhiteElo "1817"]
[BlackElo "1668"]
[PlyCount "85"]
[EventDate "2011.07.03"]
[EventType "team-swiss"]
[EventRounds "7"]
[EventCountry "GRE"]
[SourceTitle "CBM 143 Extra"]
[Source "ChessBase"]
[SourceDate "2011.08.29"]
[SourceVersion "1"]
[SourceVersionDate "2011.08.29"]
[SourceQuality "1"]
[WhiteTeam "Thessaloniki ES"]
[BlackTeam "Polichnis"]
[WhiteTeamCountry "GRE"]
[BlackTeamCountry "GRE"]

1. d4 Nf6 2. Nf3 b6 3. Bf4 Bb7 4. e3 e6 5. Bd3 Be7 6. Nbd2 Nh5 7. Bg3 d6 8. c3 Nd7 9. Qc2 h6 10. e4 a6 11. e5 Nxg3 12. hxg3 dxe5 13. dxe5 c5 14. Kf1 Qc7 15. Re1 0-0-0 16. a4 g5 17. Nc4 Kb8 18. Be4 g4 19. Bxb7 Qxb7 20. Nfd2 Qc7 21. Qb3 Ka7 22. Qc2 h5 23. Qe4 Rdg8 24. Qf4 Rg7 25. Qe4 Rg6 26. Rb1 a5 27. Re1 Rg7 28. Na3 Qb7 29. Nb5+ Kb8 30. Qe3 Rgg8 31. Nc4 Bg5 32. Qd3 Qc6 33. Rd1 Rd8 34. Qd6+ Qxd6 35. Rxd6 Kb7 36. Ke2 Rh6 37. Rhd1 Kc8 38. Rxd7 Rxd7 39. Nxb6+ Kb7 40. Nxd7 Be7 41. Ke3 h4 42. gxh4 Rxh4 43. Nf6 1-0

[Event "GRE-ch U16 Girls"]
[Site "Eretria"]
[Date "2011.07.01"]
[Round "7.5"]
[White "Papathanasiou, Aggeliki"]
[Black "Fahantidou, Athina Mikaela"]
[Result "1/2-1/2"]
[WhiteElo "1817"]
[BlackElo "1466"]
[PlyCount "63"]
[EventDate "2011.06.25"]
[EventType "swiss"]
[EventRounds "7"]
[EventCountry "GRE"]
[SourceTitle "EXT 2024"]
[Source "ChessBase"]
[SourceDate "2023.10.10"]
[SourceVersion "1"]
[SourceVersionDate "2023.10.10"]
[SourceQuality "1"]

1. Nf3 d5 2. d4 Nf6 3. e3 e6 4. Bd3 Be7 5. 0-0 0-0 6. Nbd2 Nbd7 7. b3 b6 8. Bb2 Bb7 9. Ne5 Nxe5 10. dxe5 Nd7 11. f4 Nc5 12. Rf3 Nxd3 13. cxd3 f6 14. Rg3 f5 15. Nf3 Qe8 16. Nd4 Bd8 17. a4 a6 18. Rc1 Rc8 19. Qe2 c5 20. Nf3 h6 21. Nd2 Be7 22. Rf1 Qf7 23. Rh3 Kh7 24. Nf3 Kg8 25. Kh1 Qg6 26. Bc3 Qg4 27. Be1 d4 28. Rg3 Qh5 29. Nxd4 Qxe2 30. Nxe2 Bd5 31. Nc1 b5 32. axb5 1/2-1/2

[Event "GRE-ch U18 Girls"]
[Site "Peristeri"]
[Date "2011.01.07"]
[Round "7"]
[White "Papathanasiou, Aggeliki"]
[Black "Tsarouha, Marianthi"]
[Result "1/2-1/2"]
[WhiteElo "1878"]
[BlackElo "1771"]
[PlyCount "102"]
[EventDate "2011.01.03"]
[EventType "swiss"]
[EventRounds "9"]
[EventCountry "GRE"]
[SourceTitle "CBM 140 Extra"]
[Source "ChessBase"]
[SourceDate "2011.03.01"]
[SourceVersion "1"]
[SourceVersionDate "2011.03.01"]
[SourceQuality "1"]

1. d4 d5 2. c4 c6 3. cxd5 cxd5 4. Nc3 Nc6 5. Bf4 Nf6 6. e3 a6 7. Bd3 e6 8. h3 Bd6 9. Bxd6 Qxd6 10. f4 b5 11. Nf3 0-0 12. 0-0 Bb7 13. Ne5 Na5 14. Qf3 Nc4 15. Rf2 Qe7 16. g4 Nd6 17. g5 Nfe4 18. Rg2 f6 19. gxf6 Rxf6 20. Kh2 b4 21. Na4 Nf5 22. Rag1 Kh8 23. Rg4 Rh6 24. Nc5 Nh4 25. Qe2 Nf5 26. Nf3 a5 27. Bxe4 dxe4 28. Ng5 Rg6 29. Ngxe4 Rxg4 30. Rxg4 Bxe4 31. Nxe4 Rc8 32. Nc5 Nh6 33. Rg5 Nf7 34. Rg2 Nh6 35. Qb5 Nf5 36. Qd3 Qd6 37. Qb3 Re8 38. Qd3 Qc6 39. e4 Nh4 40. Rg4 Ng6 41. Qd2 Rd8 42. Rg2 Nh4 43. Qf2 Nxg2 44. Kxg2 Kg8 45. Kg3 Rf8 46. Qe3 Qe8 47. Qb3 Qg6+ 48. Kf3 Qh5+ 49. Kg3 Qg6+ 50. Kf3 Qh5+ 51. Kg3 Qg6+ 1/2-1/2

[Event "GRE-ch U16 Girls"]
[Site "Kallithea"]
[Date "2010.06.30"]
[Round "5"]
[White "Papathanasiou, Aggeliki"]
[Black "Vafiadou, Asimenia"]
[Result "1-0"]
[WhiteElo "1893"]
[BlackElo "1624"]
[PlyCount "55"]
[EventDate "2010.06.26"]
[EventType "swiss"]
[EventRounds "7"]
[EventCountry "GRE"]
[SourceTitle "EXT 2011"]
[Source "ChessBase"]
[SourceDate "2010.11.26"]
[SourceVersion "1"]
[SourceVersionDate "2010.11.26"]
[SourceQuality "1"]

1. e4 d5 2. exd5 Qxd5 3. Nc3 Qd6 4. d4 Nf6 5. Nf3 a6 6. Bc4 b5 7. Bb3 Bb7 8. 0-0 e6 9. Re1 Be7 10. Ng5 Qc6 11. f3 Nd5 12. Nxe6 fxe6 13. Nxd5 exd5 14. Bg5 0-0 15. Rxe7 h6 16. Bh4 Qb6 17. c3 c5 18. Bf2 Nc6 19. Bxd5+ Kh8 20. Re6 Qc7 21. Bxc6 Bxc6 22. dxc5 Rad8 23. Bd4 Rd5 24. Rxh6+ Kg8 25. Qc2 Rg5 26. Qh7+ Kf7 27. Rf6+ Ke8 28. Re1+ 1-0

[Event "GRE-ch U16 Girls"]
[Site "Kallithea"]
[Date "2010.06.29"]
[Round "4"]
[White "Papathanasiou, Aggeliki"]
[Black "Androni, Konstantina"]
[Result "0-1"]
[WhiteElo "1893"]
[BlackElo "1870"]
[PlyCount "74"]
[EventDate "2010.06.26"]
[EventType "swiss"]
[EventRounds "7"]
[EventCountry "GRE"]
[SourceTitle "EXT 2011"]
[Source "ChessBase"]
[SourceDate "2010.11.26"]
[SourceVersion "1"]
[SourceVersionDate "2010.11.26"]
[SourceQuality "1"]

1. e4 d5 2. exd5 Qxd5 3. Nc3 Qd6 4. d4 Nf6 5. Nb5 Qd8 6. c4 c6 7. Nc3 Bf5 8. Nf3 e6 9. Bd3 Bxd3 10. Qxd3 Bd6 11. 0-0 0-0 12. Bg5 Be7 13. Rad1 Na6 14. Rfe1 Re8 15. a3 Qa5 16. Ne5 Rad8 17. Qg3 Qb6 18. Bh6 Bf8 19. Ne4 Nxe4 20. Rxe4 f6 21. Rg4 Re7 22. Nf3 Qxb2 23. Re1 Qxa3 24. h3 Qd6 25. Bf4 Qb4 26. c5 Rxd4 27. Nxd4 Qxe1+ 28. Kh2 e5 29. Nf5 exf4 30. Nxe7+ Qxe7 31. Qxf4 Qe5 32. Qxe5 fxe5 33. g3 Bxc5 34. Kg2 Bd4 35. Re4 Nc7 36. Re2 a5 37. Ra2 a4 0-1

[Event "GRE-ch U16 Girls"]
[Site "Kallithea"]
[Date "2010.06.28"]
[Round "3"]
[White "Terzidaki, Alexandra"]
[Black "Papathanasiou, Aggeliki"]
[Result "1-0"]
[WhiteElo "1844"]
[BlackElo "1893"]
[PlyCount "75"]
[EventDate "2010.06.26"]
[EventType "swiss"]
[EventRounds "7"]
[EventCountry "GRE"]
[SourceTitle "EXT 2011"]
[Source "ChessBase"]
[SourceDate "2010.11.26"]
[SourceVersion "1"]
[SourceVersionDate "2010.11.26"]
[SourceQuality "1"]

1. e4 c5 2. Nf3 g6 3. d4 cxd4 4. Qxd4 Nf6 5. e5 Nc6 6. Qa4 Nd5 7. Qe4 Nc7 8. Nc3 Bg7 9. Bf4 Ne6 10. Bc4 Nxf4 11. Qxf4 0-0 12. 0-0-0 Qc7 13. Nd5 Bxe5 14. Nxe7+ Kg7 15. Nxe5 Nxe5 16. Nd5 Qxc4 17. Qf6+ Kh6 18. Qxe5 d6 19. Qf6 Bf5 20. Ne3 Qe6 21. Nxf5+ Qxf5 22. Qxf5 gxf5 23. Rxd6+ Kg5 24. Rd7 Rfe8 25. Rxb7 Re2 26. f4+ Kg6 27. Rd1 Rae8 28. Rd6+ Kg7 29. Rdd7 Rf2 30. Rxf7+ Kg6 31. Rfe7 Rd8 32. Rbd7 Rc8 33. Rd6+ Kh5 34. c3 Kg4 35. Rd2 Rf1+ 36. Kc2 Kxf4 37. Rxa7 Re8 38. a4 1-0

[Event "EU School-ch U15"]
[Site "Thessaloniki"]
[Date "2010.04.06"]
[Round "3"]
[White "Papathanasiou, Aggeliki"]
[Black "Pirverdiyev, Agil"]
[Result "0-1"]
[WhiteElo "1920"]
[BlackElo "1978"]
[PlyCount "74"]
[EventDate "2010.04.05"]
[EventType "swiss"]
[EventRounds "9"]
[EventCountry "GRE"]
[SourceTitle "CBM 136 Extra"]
[Source "ChessBase"]
[SourceDate "2010.07.02"]
[SourceVersion "2"]
[SourceVersionDate "2010.07.15"]
[SourceQuality "1"]

1. d4 Nf6 2. c4 c5 3. d5 b5 4. cxb5 a6 5. bxa6 Bxa6 6. Nc3 g6 7. Nf3 Bg7 8. g3 0-0 9. Bg2 d6 10. 0-0 Nbd7 11. Rb1 Qa5 12. Bd2 Rfb8 13. Qc2 Qc7 14. b3 Nb6 15. Nh4 Nfd7 16. Rfd1 c4 17. b4 Bc8 18. Nb5 Qb7 19. Bc3 Ne5 20. Nd4 Ra3 21. Nc6 Nf3+ 22. Bxf3 Rxc3 23. Qe4 Ra8 24. Nxe7+ Kf8 25. Nxc8 Qxc8 26. Rd2 Rca3 27. Ng2 Rxa2 28. Rxa2 Rxa2 29. Ne3 c3 30. Rc1 Rd2 31. Qb1 Rb2 32. Qe4 Rd2 33. Qb1 Nc4 34. Nd1 Na3 35. Qb3 c2 36. Ne3 Qc3 37. Qa2 Qb2 0-1

[Event "Wch U14 Girls"]
[Site "Kemer"]
[Date "2009.11.22"]
[Round "11"]
[White "Papathanasiou, Aggeliki"]
[Black "Bivol, Alina"]
[Result "0-1"]
[WhiteElo "1903"]
[BlackElo "2011"]
[PlyCount "65"]
[EventDate "2009.11.12"]
[EventType "swiss"]
[EventRounds "11"]
[EventCountry "TUR"]
[SourceTitle "EXT 2010"]
[Source "ChessBase"]
[SourceDate "2010.11.25"]
[SourceVersion "1"]
[SourceVersionDate "2010.11.25"]
[SourceQuality "1"]

1. d4 e6 2. Nf3 Nf6 3. g3 b6 4. Bg2 Bb7 5. 0-0 Be7 6. c4 0-0 7. d5 exd5 8. Nh4 d6 9. cxd5 Na6 10. Nf5 Nd7 11. Nxe7+ Qxe7 12. Nc3 Nf6 13. e4 Rfe8 14. Re1 Rad8 15. a3 c6 16. Bf4 cxd5 17. exd5 Qd7 18. Qd2 h6 19. Rxe8+ Rxe8 20. Re1 Rxe1+ 21. Qxe1 Nc7 22. Qd2 Qe7 23. h3 Qd7 24. Kh2 Qe7 25. Qd4 Nce8 26. a4 Nd7 27. Ne4 Nc5 28. Nc3 Ba6 29. b4 Nd7 30. Ne4 Nef6 31. Nxf6+ Nxf6 32. b5 Bb7 33. h4 0-1

[Event "Wch U14 Girls"]
[Site "Kemer"]
[Date "2009.11.21"]
[Round "10"]
[White "Premanath, Dinushki"]
[Black "Papathanasiou, Aggeliki"]
[Result "0-1"]
[WhiteElo "1819"]
[BlackElo "1903"]
[PlyCount "39"]
[EventDate "2009.11.12"]
[EventType "swiss"]
[EventRounds "11"]
[EventCountry "TUR"]
[SourceTitle "EXT 2010"]
[Source "ChessBase"]
[SourceDate "2010.11.25"]
[SourceVersion "1"]
[SourceVersionDate "2010.11.25"]
[SourceQuality "1"]

1. e4 c5 2. Nf3 Nc6 3. d4 cxd4 4. Nxd4 g6 5. Nc3 Nf6 6. Be3 Bg7 7. Bc4 0-0 8. Bb3 a5 9. h3 a4 10. Bc4 Nxe4 11. Nxe4 d5 12. Nxc6 bxc6 13. Ng3 dxc4 14. Qc1 a3 15. bxa3 Qa5+ 16. Kf1 Bxa1 17. Qxa1 f6 18. Kg1 Qxa3 19. Kh2 Rd8 20. Ne4 0-1

[Event "Wch U14 Girls"]
[Site "Kemer"]
[Date "2009.11.16"]
[Round "6"]
[White "Makarenko, Alexandra"]
[Black "Papathanasiou, Aggeliki"]
[Result "1/2-1/2"]
[WhiteElo "1924"]
[BlackElo "1903"]
[PlyCount "59"]
[EventDate "2009.11.12"]
[EventType "swiss"]
[EventRounds "11"]
[EventCountry "TUR"]
[SourceTitle "EXT 2010"]
[Source "ChessBase"]
[SourceDate "2010.11.25"]
[SourceVersion "1"]
[SourceVersionDate "2010.11.25"]
[SourceQuality "1"]

1. e4 c5 2. Nf3 Nc6 3. d4 cxd4 4. Nxd4 g6 5. c4 Bg7 6. Be3 Nf6 7. Nc3 Nxd4 8. Bxd4 0-0 9. Be2 d6 10. 0-0 Be6 11. Rc1 Qa5 12. b3 Rfc8 13. f4 a6 14. Na4 Nxe4 15. Bxg7 Kxg7 16. Qd4+ Nf6 17. Nb6 Qxa2 18. Bd1 Qa5 19. Nxa8 Rxa8 20. Kh1 Rc8 21. g4 Qc5 22. Qxc5 Rxc5 23. h3 b5 24. Be2 bxc4 25. Bxc4 Ne4 26. Rg1 Bxc4 27. Rxc4 Rxc4 28. bxc4 Nc5 29. Re1 Kf8 30. Kg2 1/2-1/2

[Event "Wch U14 Girls"]
[Site "Kemer"]
[Date "2009.11.12"]
[Round "2"]
[White "Papathanasiou, Aggeliki"]
[Black "Efroimski, Marsel"]
[Result "0-1"]
[WhiteElo "1903"]
[BlackElo "2150"]
[PlyCount "74"]
[EventDate "2009.11.12"]
[EventType "swiss"]
[EventRounds "11"]
[EventCountry "TUR"]
[SourceTitle "EXT 2010"]
[Source "ChessBase"]
[SourceDate "2010.11.25"]
[SourceVersion "1"]
[SourceVersionDate "2010.11.25"]
[SourceQuality "1"]

1. d4 Nf6 2. Nf3 g6 3. c4 Bg7 4. Nc3 0-0 5. e4 d6 6. h3 e5 7. dxe5 dxe5 8. Qxd8 Rxd8 9. Bg5 c6 10. Be2 h6 11. Be3 Be6 12. 0-0 Nbd7 13. Rfd1 Nh5 14. Rd2 Nb6 15. b3 Nf4 16. Rad1 Nxe2+ 17. Nxe2 Rxd2 18. Rxd2 f5 19. Nc3 Nd7 20. Rd6 Kf7 21. Kf1 Bf8 22. Rd3 a6 23. Bc1 b5 24. cxb5 axb5 25. Bb2 b4 26. exf5 gxf5 27. Na4 e4 28. Rxd7+ Bxd7 29. Ne5+ Ke7 30. Nxd7 Rxa4 31. bxa4 Kxd7 32. Ke2 c5 33. Kd2 c4 34. Bd4 Kc6 35. g3 Bc5 36. Bxc5 Kxc5 37. Kc2 Kb6 0-1

[Event "GRE-chT 37th"]
[Site "Kallithea"]
[Date "2009.07.08"]
[Round "8"]
[White "Androni, Konstantina"]
[Black "Papathanasiou, Aggeliki"]
[Result "0-1"]
[WhiteElo "1795"]
[BlackElo "1891"]
[PlyCount "72"]
[EventDate "2009.07.03"]
[EventType "team-tourn"]
[EventRounds "9"]
[EventCountry "GRE"]
[SourceTitle "CBM 131 Extra"]
[Source "ChessBase"]
[SourceDate "2009.09.03"]
[SourceVersion "2"]
[SourceVersionDate "2009.09.16"]
[SourceQuality "1"]

1. d4 d5 2. c4 c6 3. Nc3 Nf6 4. e3 e6 5. Nf3 Nbd7 6. Qc2 Bd6 7. b3 0-0 8. Be2 Re8 9. 0-0 Qc7 10. e4 e5 11. dxe5 Nxe5 12. exd5 cxd5 13. Nb5 Nxf3+ 14. Bxf3 Bxh2+ 15. Kh1 Qe5 16. Ba3 dxc4 17. bxc4 Bf4 18. g3 Ng4 19. Kg2 Bxg3 20. Bxg4 Bxg4 21. fxg3 Bh3+ 22. Kxh3 Qh5+ 23. Kg2 Re2+ 24. Qxe2 Qxe2+ 25. Rf2 Qxc4 26. Nd6 Qc6+ 27. Kh2 Qc3 28. Bb2 Qe3 29. Raf1 Qh6+ 30. Kg1 Qxd6 31. Rxf7 Qxg3+ 32. Kh1 Qh3+ 33. Kg1 Qg4+ 34. Kh2 Qh5+ 35. Kg2 Qxf7 36. Rxf7 Kxf7 0-1

[Event "GRE-chT 37th"]
[Site "Kallithea"]
[Date "2009.07.05"]
[Round "2"]
[White "Anastasopoulou, Andrianna"]
[Black "Papathanasiou, Aggeliki"]
[Result "0-1"]
[WhiteElo "1675"]
[BlackElo "1891"]
[PlyCount "144"]
[EventDate "2009.07.03"]
[EventType "team-tourn"]
[EventRounds "9"]
[EventCountry "GRE"]
[SourceTitle "CBM 131 Extra"]
[Source "ChessBase"]
[SourceDate "2009.09.03"]
[SourceVersion "2"]
[SourceVersionDate "2009.09.16"]
[SourceQuality "1"]

1. d4 d5 2. Bf4 Nf6 3. e3 c5 4. c3 Nc6 5. Nf3 Qb6 6. Qb3 c4 7. Qxb6 axb6 8. Nbd2 b5 9. Be2 b4 10. cxb4 Nxb4 11. 0-0 Nxa2 12. Nb1 Ra6 13. Na3 Nb4 14. b3 Nd3 15. Bxd3 cxd3 16. Ne5 Nh5 17. Bg3 Nxg3 18. hxg3 e6 19. Rac1 Bd7 20. Nb1 Bd6 21. Nxd3 Ke7 22. Nc5 Rb6 23. Nd2 Ra8 24. Ra1 Rc8 25. Nxd7 Kxd7 26. Rfc1 Rxc1+ 27. Rxc1 Bb4 28. Nf3 Bd6 29. Rb1 h6 30. Kf1 Kc6 31. Ke2 Kb5 32. Kd3 Rc6 33. Ng1 Kb4 34. Ne2 Ka3 35. Nc1 Bb4 36. Ne2 Ka2 37. Rf1 Kxb3 38. g4 Rc7 39. f4 Kb2 40. e4 Rc2 41. exd5 exd5 42. Rd1 b5 43. f5 Bd6 44. Re1 b4 45. g3 b3 46. Rd1 Rc7 47. Kd2 Rc2+ 48. Kd3 Bxg3 49. Rf1 Bh4 50. Nf4 Rc1 51. Rxc1 Kxc1 52. Kc3 b2 53. Nd3+ Kd1 54. Kxb2 Ke2 55. Kc3 Ke3 56. Ne5 Kf4 57. Nxf7 Kxg4 58. Nd6 h5 59. Kd3 Bf6 60. Ke3 h4 61. Ne8 h3 62. Nxf6+ gxf6 63. Kf2 Kxf5 64. Kg3 Ke4 65. Kxh3 f5 66. Kg3 Ke3 67. Kg2 Kxd4 68. Kf2 Kc3 69. Ke2 d4 70. Kd1 Kd3 71. Ke1 Kc2 72. Ke2 d3+ 0-1